Die Suid - Afrikaanse Kontraktereg en Handelsreg / (Record no. 476)

MARC details
000 -LEADER
fixed length control field 00547nam a22001697a 4500
005 - DATE AND TIME OF INPUT
control field 20231109123050.0
008 - DATA ELEMENTS--GENERAL INFORMATION
fixed length control field 231109b |||||||| |||| 00| 0 eng d
041 ## - LANGUAGE CODE
Language code of text Afrikaans
082 ## - SHELF NUMBER
DDC number 346.2 DEW
100 ## - MAIN AUTHOR
Main author's name de Wet, JC en Yeats, JP
Language of a work Afrikaans
245 ## - TITLE STATEMENT
Title Die Suid - Afrikaanse Kontraktereg en Handelsreg /
Statement of responsibility, etc. JC de Wet en JP Yeats
250 ## - EDITION STATEMENT
Edition statement Derde Uitgawe
260 ## - PUBLICATION, DISTRIBUTION, ETC.
Place of publication, distribution, etc. Durban :
Name of publisher, distributor, etc. Butterworths,
Date of publication, distribution, etc. 1964
300 ## - PHYSICAL DESCRIPTION
Other physical details lxix, 621 pages ;
Dimensions 25,5 cm.
650 ## - SUBJECT`
Broad subject Legal practice
Own subject terms Law
942 ## - ADDED ENTRY ELEMENTS (KOHA)
Item type Books
942 ## - ADDED ENTRY ELEMENTS (KOHA)
-- ALISON_BN_VRIES
Holdings
Source of classification or shelving scheme Not for loan Collection code Home library Current library Shelving location Date acquired Full call number Barcode Price effective from Koha item type
Dewey Decimal Classification   TEXT BOOKS LAW SOCIETY OF NAMIBIA LIBRARY - WINDHOEK LAW SOCIETY OF NAMIBIA LIBRARY - WINDHOEK Contract law 11/09/2023 346.2 DEW LSN/1986/122 11/09/2023 Books